|
|
|
|
| LEADER |
00800nam a22002412a 4500 |
| 001 |
001087931 |
| 003 |
CZ BrMZK |
| 005 |
20100223155743.0 |
| 007 |
ta |
| 008 |
980107s1914 xr f cze d |
| 040 |
|
|
|a BOA001
|b cze
|
| 100 |
1 |
|
|a Zíbrt, Čeněk,
|d 1864-1932
|7 jk01152578
|
| 245 |
1 |
0 |
|a Zlatý jelen na Pražském mostě, Slepý mládenec, Sibylla a jiná proroctví staročeská /
|c sebral Čeněk Zíbrt
|
| 260 |
|
|
|a Praha :
|b J. Otto,
|c [1914?]
|
| 300 |
|
|
|a 148 s.
|
| 490 |
1 |
|
|a Světová knihovna ;
|v č. 54-55
|
| 501 |
|
|
|a Přívazek k:Tři novelly / Ola Hansson
|
| 830 |
|
0 |
|a Světová knihovna (J. Otto) ;
|0 s
|
| 910 |
|
|
|a BOA001
|b 1-0307.097,přív.
|
| 964 |
|
|
|a Proroctví staročeská - sbírky
|
| 990 |
|
|
|a BK
|
| 993 |
|
|
|a Y
|
| 994 |
|
|
|a UP
|l MZK01
|b 001087930
|m přívazek
|n záznam1. díla
|